000 00950nam a22002777a 4500
999 _c6573
_d6573
003 AR-CdUCM
008 190318b ||||| |||| 00| 0 spa d
040 _aMUNICIPALIDAD PROVINCIAL DEL CUSCO
_cBIBLIOTECA MUNICIPAL DEL CUSCO
082 _29ed.
_a985 /
_bV18
100 _aValcarcel, Daniel
_91727
245 _aHistoria general de los peruanos /
260 _aLima :
_bPEISA,
_c1983.
300 _a3 tomos ;
_bilustraciones ;
_c21 cm.
500 _aTomo 1: es estado dañado hojas saliendose para taller
505 _aContenido : t.1: El Perú Antiguo -- t.2: El Perú Virreinal -- t.3: El Perú Republicano.
650 _aHistoria
_944526
650 _aHistoria del Perú
_9259
650 _aRepublica
_9831
650 _aPerú
_944527
700 _aMarkham, C. R.
_918530
700 _aPorras Barrenechea, Raul
_944528
700 _aVargas Ugarte, Ruben
_93119
700 _aDocafe, Enrique
_918531
942 _2ddc
_cLIBROS
945 _azta